|
|
|
|
| LEADER |
00000nam a2200000Ii 4500 |
| 001 |
DIGBRUJ363 |
| 003 |
NyNyDIG |
| 006 |
m o d |
| 007 |
cr ||||||||||| |
| 008 |
220711s2021 ag a ob 000 0 spa d |
| 035 |
|
|
|a (OCoLC)1350509532
|
| 040 |
|
|
|a DGITA
|b eng
|e rda
|e pn
|c DGITA
|
| 020 |
|
|
|a 9789877603828
|q pdf
|
| 020 |
|
|
|z 9789877603729
|
| 050 |
1 |
4 |
|a LB1051 ebook
|
| 082 |
0 |
4 |
|a 370.15
|
| 100 |
1 |
|
|a Rotger, Marilina,
|e author.
|
| 245 |
1 |
3 |
|a La educación y las emociones en pandemia :
|b el desafío de enseñar y aprender en tiempos complejos /
|c Marilina Rotger.
|
| 246 |
3 |
0 |
|a Desafío de enseñar y aprender en tiempos complejos
|
| 264 |
|
1 |
|a Córdoba, Argentina :
|b Editorial Brujas,
|c [2021]
|
| 300 |
|
|
|a 1 online resource :
|b illustrations.
|
| 336 |
|
|
|a text
|b txt
|2 rdacontent
|
| 337 |
|
|
|a computer
|b c
|2 rdamedia
|
| 338 |
|
|
|a online resource
|b cr
|2 rdacarrier
|
| 347 |
|
|
|a text file
|2 rdaft
|
| 347 |
|
|
|b PDF
|
| 504 |
|
|
|a Includes bibliographical references.
|
| 588 |
0 |
|
|a Online resource; title from PDF title page (Digitalia, viewed July 11, 2022)
|
| 650 |
|
0 |
|a Educational psychology.
|
| 650 |
|
0 |
|a COVID-19 Pandemic, 2020-
|x Psychological aspects.
|
| 655 |
|
0 |
|a Electronic books.
|
| 791 |
2 |
|
|a Digitalia (Firm),
|e distributor.
|
| 793 |
0 |
|
|g Digitalia eBook Collection:
|a Editorial Brujas
|
| 776 |
0 |
8 |
|i Print version:
|a Rotger, Marilina.
|t Educación y las emociones en pandemia.
|d Córdoba, Argentina : Editorial Brujas, [2021]
|z 9789877603729
|
| 856 |
4 |
0 |
|3 Digitalia Hispánica
|u https://www.digitaliapublishing.com/a/112173/
|
| 910 |
|
|
|a Premium collection: 2022
|